[Event "Troya op"]
[Site "Canakkale"]
[Date "2010.08.12"]
[Round "6"]
[White "Secer, Ata"]
[Black "Yaser, Taweel"]
[Result "1-0"]
[WhiteElo "2325"]
[BlackElo "2113"]
[Annotator "chess-teacher.com"]
[PlyCount "75"]
[EventDate "2010.08.07"]
[EventType "swiss"]
[EventRounds "9"]
[EventCountry "TUR"]
[SourceTitle "CBM 137 Extra"]
[Source "ChessBase"]
[SourceDate "2010.09.01"]
[SourceVersion "1"]
[SourceVersionDate "2010.09.01"]
[SourceQuality "1"]
1. e4 Nc6 2. Nf3 d5 3. exd5 Qxd5 4. Nc3 Qh5 5. Be2 Bg4 6. h3 Nf6 7. O-O Bxh3 8.
gxh3 Qxh3 9. d3 (9. Nh2 h5 10. Bf3 Ng4 11. Bxg4 hxg4 12. Re1 Qxh2+ 13. Kf1 Qh3+
14. Ke2 Nd4#) 9... h6 (9... g5 $1 10. Nh2 h5 11. Bf3 Ng4) 10. Re1 O-O-O 11. Bf1
Qh5 12. Ne5 Qxd1 13. Nxd1 Nd4 14. Ne3 Nd7 15. Bh3 e6 16. Nxf7 Nf3+ 17. Kf1 Nxe1
18. Kxe1 Bb4+ 19. Ke2 Rhf8 20. Nxd8 Kxd8 21. Bxe6 Ne5 22. c3 Be7 23. Bf5 c6 24.
d4 Nf7 25. Bd2 Nd6 26. Bd3 Bh4 27. f3 Bg5 28. Nc4 Be7 29. Nxd6 Bxd6 30. Rg1
Re8+ 31. Be4 Re7 32. Rg6 Kc7 33. Kd3 Rf7 34. c4 Bf8 35. Be1 Kd7 36. Bg3 Be7 37.
Be5 Bf8 38. c5 1-0